000 01048nam a2200265 a 4500
001 000007029
005 20250502073818.0
008 090904s1984 dr 000 0 spa d
040 _aDO-SdBNP
_bspa
_cBNPHU
082 _a347.7293
_bP438c
100 1 _aPérez Rancier, Juan Bautista,
_d1883-1968
_919524
245 1 3 _aEl código civil francés en la República Dominicana /
_cJuan B. Pérez.
260 _aSanto Domingo, :
_bPublicaciones ONAP,
_c1984.
300 _a120 p. ;
_c21 cm.
490 1 _aEstudios Jurídicos
_v25
490 1 _aONAP
590 _aInventariado, 2018/BT
650 4 _aDerecho civil
_xLegislación
_zFrancia
_919525
650 4 _aDerecho civil
_xLegislación
_zRepública Dominicana
_xHistoria
_919526
650 4 _aProcedimiento civil
_xLegislación
_zRepública Dominicana
_911714
650 4 _aLeyes
_zRepública Dominicana
_93033
710 1 _aRepública Dominicana.
_bOficina Nacional de Administración y Personal
_926398
830 0 _aEstudios Jurídicos ;
_v25
_pONAP
_919528
910 _aValidado. Control de calidad. EMS
999 _c6813
_d6813